00247nam a2200121Ia 4500100001300000250000600013654001200019245003500031260002100066082001800087300000800105546001200113 aKuo/F.F  a2 aNetwork aNetwork analysis and synthesis bJohn wileyc2001 a621.3851bKUO a515 aENGLISH